000 00518nam a2200181 a 4500
001 6833
005 20180713190717.0
008 140415s1992 mx 000 0 spa d
041 _aspa
082 _a658.314
_bARI
100 1 _aARIAS GALICIA, F.
245 1 0 _aDIDACTICA PARA LA EXCELENCIA (CONTADURIA Y ADMINISTRACION)
250 _a1a ed.
260 _aMEXICO :
_bECASA,
_c1992
300 _a426
650 1 4 _aADMINISTRACION
_xCONTABILIDAD
_xEDUCACION
700 1 _aPANTOJA SANCHEZ, MA. T.
_ecoaut.
999 _c6833
_d6833